| 000 | 01125nam0a22002531 4500 | ||
|---|---|---|---|
| 001 | rc\3496685 | ||
| 005 | 20130115141538.3 | ||
| 035 | _a(NLR Aleph) 007651225 | ||
| 090 |
_a6230972 _c6230972 |
||
| 100 | _a20130115d1974 |||y0rusy50 ca | ||
| 101 | 0 | _arus | |
| 102 | _aRU | ||
| 105 | _aa z ||||| | ||
| 200 | 1 |
_aОбъемно-календарное планирование исследований и разработок _eТезисы лекций _fИн-т повышения квалификации руководящих работников и специалистов судостроит. пром-сти |
|
| 210 |
_aЛенинград _cБ. и. _d1974 |
||
| 215 |
_a19 с. _cсхем. _d20 |
||
| 320 | _aСписок лит.: с. 18 (9 назв.) | ||
| 606 |
_aНаучно-исследовательская работа _xПланирование _xМатематические методы _jТезисы докладов _2psbo |
||
| 700 | 1 |
_aБарютин _bЛ. С. _gЛев Сергеевич |
|
| 801 | 0 |
_aRU _bNLR _gpsbo |
|
| 801 | 1 |
_aRU _bELAR _2rusmarc |
|
| 852 |
_aNLR _j74-4/36035 |
||
| 942 | _cBOOK | ||
| 980 | _aNB | ||